[Event "23rd EUR-ch"]
[Site "Vrnjacka Banja SRB"]
[Date "2023.03.05"]
[Round "3.104"]
[White "Firat, Burak"]
[Black "Gunduz, Umut Erdem"]
[Result "1-0"]
[WhiteElo "2471"]
[BlackElo "2286"]
[EventDate "2023.03.03"]
[PlyCount "66"]

1.Nf3 d5 2.d4 Nf6 3.c4 e6 4.g3 Bb4+ 5.Bd2 Be7 6.Bg2 O-O 7.Qc2 a6 8.O-O 
dxc4 9.Qxc4 b5 10.Qc2 Bb7 11.Rd1 Nbd7 12.Ba5 Rc8 13.Nbd2 Qe8 14.b4 Bd6 15.
Rac1 Qe7 16.a3 Rfe8 17.Re1 g6 18.Nb3 Be4 19.Qd1 e5 20.Nc5 exd4 21.Nxe4 
Nxe4 22.Nxd4 Qf6 23.Nf3 Ne5 24.Qb3 Nc4 25.Rxc4 bxc4 26.Qxc4 c5 27.Bh3 Rb8 
28.Bd7 Re5 29.Bc6 cxb4 30.axb4 Qf5 31.Rd1 Bf8 32.Nxe5 Qxf2+ 33.Kh1 Bd6 1-0

[Event "23rd EUR-ch"]
[Site "Vrnjacka Banja SRB"]
[Date "2023.03.05"]
[Round "3.106"]
[White "Pajeken, Jakob Leon"]
[Black "Leszko, Bence"]
[Result "1/2-1/2"]
[WhiteElo "2465"]
[BlackElo "2283"]
[EventDate "2023.03.03"]
[PlyCount "53"]

1.e4 e5 2.Nf3 Nf6 3.Nc3 Bb4 4.Nxe5 O-O 5.Be2 Re8 6.Nd3 Bxc3 7.dxc3 Nxe4 8.
O-O h6 9.Be3 Nc6 10.Nf4 d6 11.Bd3 Bf5 12.f3 Nf6 13.Bxf5 Rxe3 14.Qd2 Re5 
15.g4 Qe7 16.Bd3 Re8 17.c4 d5 18.cxd5 Nxd5 19.Nxd5 Qc5+ 20.Qf2 Qxf2+ 21.
Kxf2 Rxd5 22.Rae1 Kf8 23.Re3 Rd6 24.Be4 Nd8 25.f4 b6 26.b4 Ne6 27.h4 
1/2-1/2

[Event "23rd EUR-ch"]
[Site "Vrnjacka Banja SRB"]
[Date "2023.03.05"]
[Round "3.107"]
[White "Vujic, Mihailo"]
[Black "Kaasen, Tor Fredrik"]
[Result "1/2-1/2"]
[WhiteElo "2281"]
[BlackElo "2464"]
[EventDate "2023.03.03"]
[PlyCount "105"]

1.e4 c5 2.c3 d5 3.exd5 Qxd5 4.d4 Nf6 5.Nf3 e6 6.Na3 Qd8 7.Nc2 Nc6 8.Be2 
Be7 9.O-O O-O 10.Bf4 b6 11.Ne5 Bb7 12.Bf3 Qc8 13.Qe2 Nxe5 14.Bxb7 Qxb7 15.
dxe5 Nd5 16.Qe4 b5 17.Ne3 Rab8 18.Nxd5 exd5 19.Qf3 Rfd8 20.Rad1 Qc6 21.
Rfe1 Qe6 22.b3 Rd7 23.Qh5 Rbd8 24.Bg3 d4 25.cxd4 Rxd4 26.Rxd4 cxd4 27.Rd1 
Qc6 28.Bh4 g6 29.Qh6 Qc2 30.Rf1 Bf8 31.Qf4 Rd5 32.Bf6 d3 33.Qe4 Qc6 34.Rd1
Qd7 35.Kf1 Bh6 36.h3 Qc6 37.f4 Qd7 38.g4 d2 39.Ke2 Rd4 40.Qa8+ Bf8 41.Bg5 
f5 42.exf6 Qe6+ 43.Kf2 Rd3 44.f5 gxf5 45.Rxd2 Rxd2+ 46.Bxd2 fxg4 47.hxg4 
Qxf6+ 48.Qf3 Bc5+ 49.Kg2 Qxf3+ 50.Kxf3 Kf7 51.Ke4 Ke6 52.a4 bxa4 53.bxa4 
1/2-1/2

[Event "23rd EUR-ch"]
[Site "Vrnjacka Banja SRB"]
[Date "2023.03.05"]
[Round "3.108"]
[White "Kurmann, Oliver"]
[Black "Shoshin, Kirill"]
[Result "1/2-1/2"]
[WhiteElo "2464"]
[BlackElo "2278"]
[EventDate "2023.03.03"]
[PlyCount "64"]

1.e4 c5 2.Nf3 Nc6 3.d4 cxd4 4.Nxd4 Nf6 5.Nc3 e5 6.Ndb5 d6 7.Bg5 a6 8.Na3 
b5 9.Nd5 Be7 10.Bxf6 Bxf6 11.c4 b4 12.Nc2 a5 13.Be2 O-O 14.O-O Bg5 15.Qd3 
Be6 16.Rfd1 g6 17.h3 h5 18.b3 Bxd5 19.Qxd5 Nd4 20.Nxd4 exd4 21.a3 Bf6 22.
Bd3 Qb6 23.f4 bxa3 24.Qb5 Qxb5 25.cxb5 Bd8 26.Rdc1 Bb6 27.Rxa3 Rfc8 28.Rc6
Rxc6 29.bxc6 Rc8 30.Bb5 Re8 31.Bd3 Rc8 32.Bb5 Re8 1/2-1/2

[Event "23rd EUR-ch"]
[Site "Vrnjacka Banja SRB"]
[Date "2023.03.05"]
[Round "3.109"]
[White "Isik, Alparslan"]
[Black "Levitan, Tal"]
[Result "1/2-1/2"]
[WhiteElo "2462"]
[BlackElo "2276"]
[EventDate "2023.03.03"]
[PlyCount "128"]

1.d4 Nf6 2.c4 e6 3.Nf3 d5 4.Nc3 c5 5.cxd5 cxd4 6.Qxd4 exd5 7.Bg5 Be7 8.e3 
O-O 9.Rd1 Be6 10.Bd3 Nc6 11.Qa4 h6 12.Bh4 Qb6 13.Rd2 Rfd8 14.O-O Kf8 15.
Bb1 Rac8 16.Rfd1 Na5 17.Bd3 Nc4 18.Bxc4 Rxc4 19.Qc2 Bg4 20.Bxf6 Bxf6 21.
Qh7 Bxf3 22.gxf3 Bxc3 23.bxc3 Rc6 24.Rd4 Rg6+ 25.Rg4 Ke7 26.Kg2 Rxg4+ 27.
fxg4 Qg6 28.Qxg6 fxg6 29.Kg3 g5 30.h4 Rd6 31.hxg5 hxg5 32.Rd4 b5 33.a4 
bxa4 34.Rxa4 a6 35.Kf3 Rc6 36.Ke2 Rxc3 37.Rxa6 Rc2+ 38.Kf3 Kf7 39.Rd6 Rc5 
40.Ke2 Rc2+ 41.Ke1 Rc5 42.Kd2 Ra5 43.Rc6 Ra2+ 44.Rc2 Ra3 45.Ke2 Ke6 46.
Rc6+ Kf7 47.Rd6 Ra2+ 48.Kf3 Ra5 49.Kg3 Rb5 50.f3 Ra5 51.Kf2 Ra2+ 52.Ke1 
Ra1+ 53.Kd2 Ra2+ 54.Kd3 Rf2 55.Rxd5 Rxf3 56.Ke4 Rg3 57.Rxg5 Rg1 58.Rf5+ 
Ke6 59.Kf4 Rf1+ 60.Ke4 Rg1 61.Re5+ Kf6 62.Re8 Rxg4+ 63.Kd5 Ra4 64.Rf8+ Ke7
1/2-1/2

[Event "23rd EUR-ch"]
[Site "Vrnjacka Banja SRB"]
[Date "2023.03.05"]
[Round "3.110"]
[White "Kojovic, Dragan"]
[Black "Vogel, Roven"]
[Result "0-1"]
[WhiteElo "2272"]
[BlackElo "2462"]
[EventDate "2023.03.03"]
[PlyCount "134"]

1.e4 e5 2.Nf3 Nc6 3.Bb5 a6 4.Ba4 Nf6 5.O-O Be7 6.Bxc6 dxc6 7.Qe1 Bd6 8.d4 
Nd7 9.dxe5 Nxe5 10.Nxe5 Bxe5 11.f4 Bd4+ 12.Kh1 f5 13.Qe2 Qe7 14.e5 Be6 15.
c3 Bb6 16.Be3 O-O-O 17.Nd2 Bxe3 18.Qxe3 c5 19.Nb3 b6 20.Qe2 Kb7 21.Rad1 
Qf7 22.Rxd8 Rxd8 23.Rd1 Rxd1+ 24.Qxd1 a5 25.h3 Bd5 26.Nc1 Bc6 27.Qe2 Be4 
28.Kh2 Qe8 29.Nb3 g5 30.c4 Qg8 31.Nd2 Bc6 32.g3 Kc8 33.b3 Qg6 34.Nf3 h6 
35.Qe3 Qh5 36.Ng1 Qd1 37.Qe2 Qc1 38.Qf2 Be4 39.fxg5 hxg5 40.Qe2 Kd7 41.Nf3
Ke6 42.Qd2 Qxd2+ 43.Nxd2 Bd3 44.Kg2 Kxe5 45.Kf2 f4 46.Nf3+ Kf5 47.Nd2 Bc2 
48.Kf3 Bd1+ 49.Kf2 a4 50.bxa4 Bxa4 51.Nb1 Ke5 52.Nc3 Bd7 53.gxf4+ gxf4 54.
h4 Be6 55.h5 Bxc4 56.h6 Bd3 57.Kf3 c6 58.Na4 c4 59.Nxb6 c3 60.Nc4+ Kd4 61.
Na5 c2 62.Nb3+ Kc3 63.Kxf4 c5 64.Ke3 c4 65.Nc1 Kb2 66.Kd2 Bh7 67.Ne2 c3+ 
0-1

[Event "23rd EUR-ch"]
[Site "Vrnjacka Banja SRB"]
[Date "2023.03.05"]
[Round "3.111"]
[White "Stefansson, Vignir Vatnar"]
[Black "Micic, Aleksa"]
[Result "1-0"]
[WhiteElo "2461"]
[BlackElo "2273"]
[EventDate "2023.03.03"]
[PlyCount "63"]

1.Nf3 d5 2.c4 e6 3.g3 Nf6 4.Bg2 dxc4 5.Qa4+ Nbd7 6.Qxc4 a6 7.Qc2 Be7 8.O-O
c5 9.Nc3 Qc7 10.d4 O-O 11.Bf4 Bd6 12.Bxd6 Qxd6 13.Rfd1 Rb8 14.e4 cxd4 15.
Nxd4 Qc7 16.Rac1 Qa5 17.Qe2 e5 18.Nf5 Nb6 19.Ne3 Be6 20.f4 exf4 21.gxf4 
Rfd8 22.Bf3 h6 23.Kh1 Rxd1+ 24.Rxd1 Na4 25.Nxa4 Qxa4 26.b3 Qb4 27.e5 Qxf4 
28.exf6 Qxf6 29.Nd5 Qh4 30.Qe5 Rd8 31.Rd4 Qf2 32.Nf6+ 1-0

[Event "23rd EUR-ch"]
[Site "Vrnjacka Banja SRB"]
[Date "2023.03.05"]
[Round "3.112"]
[White "Willow, Jonah"]
[Black "Savicevic, Vlatko"]
[Result "1/2-1/2"]
[WhiteElo "2459"]
[BlackElo "2268"]
[EventDate "2023.03.03"]
[PlyCount "119"]

1.e4 d6 2.d4 Nf6 3.Nc3 g6 4.f4 Bg7 5.Bd3 O-O 6.Nf3 Nc6 7.Be2 e6 8.O-O Ne7 
9.a4 b6 10.a5 Bb7 11.e5 Ne4 12.Nxe4 Bxe4 13.Ng5 Bc6 14.Bf3 d5 15.Be2 h6 
16.Nf3 Qd7 17.Bd2 Bb5 18.Bb4 Bxe2 19.Qxe2 Rfc8 20.Bxe7 Qxe7 21.g4 c5 22.c3
Rab8 23.Kh1 cxd4 24.Nxd4 bxa5 25.Rxa5 Rb6 26.Rfa1 Ra8 27.b4 Qc7 28.Rc5 Qd7
29.Qd3 Bf8 30.Rca5 Bg7 31.Rd1 Qc7 32.Rc5 Qd7 33.Qg3 a5 34.Ra1 a4 35.Qe1 
Qb7 36.Qe2 a3 37.Ra2 Bf8 38.Rb5 Rxb5 39.Qxb5 Qa7 40.f5 exf5 41.gxf5 gxf5 
42.Qxd5 Kh8 43.Nb5 Qb8 44.Nd6 Ra7 45.Nxf7+ Kh7 46.Nd6 Qd8 47.Qf3 Bxd6 48.
exd6 Qxd6 49.Qxf5+ Kh8 50.Qc8+ Kh7 51.Qf5+ Kh8 52.Qf3 Qg6 53.Qf8+ Kh7 54.
Qf2 Qb1+ 55.Qg1 Qxa2 56.Qxa7+ Kg6 57.Qb6+ Kf5 58.Qc5+ Ke6 59.Qb6+ Ke5 60.
Qe3+ 1/2-1/2

[Event "23rd EUR-ch"]
[Site "Vrnjacka Banja SRB"]
[Date "2023.03.05"]
[Round "3.113"]
[White "Cabarkapa, Novak"]
[Black "Goroskov, Maksim"]
[Result "1/2-1/2"]
[WhiteElo "2458"]
[BlackElo "2265"]
[EventDate "2023.03.03"]
[PlyCount "95"]

1.e4 c5 2.Nf3 d6 3.d4 cxd4 4.Nxd4 Nf6 5.Nc3 Nc6 6.g3 e5 7.Nde2 Be7 8.Bg2 
O-O 9.h3 Be6 10.Nd5 Bxd5 11.exd5 Nb8 12.g4 Ne8 13.Ng3 Bg5 14.h4 Bxc1 15.
Qxc1 Na6 16.Qd2 Rc8 17.Nf5 g6 18.Nh6+ Kg7 19.h5 Qf6 20.g5 Qf4 21.Qxf4 exf4
22.O-O-O f6 23.hxg6 hxg6 24.gxf6+ Nxf6 25.Bh3 Rc5 26.Be6 Rh8 27.Nf7 Rxh1 
28.Rxh1 Nb4 29.c3 Nd3+ 30.Kc2 Nxf2 31.Rh4 Nxd5 32.Bxd5 Rxd5 33.Rxf4 Nd3 
34.Rf1 Nc5 35.Nd8 Rf5 36.Rxf5 gxf5 37.b4 Ne4 38.Nxb7 f4 39.Kd3 f3 40.c4 f2
41.Ke2 Kf6 42.c5 dxc5 43.Nxc5 Nc3+ 44.Kxf2 Nxa2 45.b5 Nc3 46.b6 axb6 47.
Nd7+ Kf5 48.Nxb6 1/2-1/2

[Event "23rd EUR-ch"]
[Site "Vrnjacka Banja SRB"]
[Date "2023.03.05"]
[Round "3.114"]
[White "Paszewski, Mateusz"]
[Black "Rozen, Eytan"]
[Result "0-1"]
[WhiteElo "2270"]
[BlackElo "2458"]
[EventDate "2023.03.03"]
[PlyCount "90"]

1.e4 c5 2.Nf3 e6 3.d4 cxd4 4.Nxd4 Nf6 5.Nc3 Nc6 6.a3 Be7 7.Be3 O-O 8.Be2 
d6 9.O-O a6 10.f4 Qc7 11.Qe1 Bd7 12.Qg3 Kh8 13.Rae1 Rad8 14.Bd3 e5 15.Nxc6
Bxc6 16.Kh1 b5 17.Bc1 Nh5 18.Qh3 Nxf4 19.Bxf4 exf4 20.Rxf4 Bg5 21.Rf2 g6 
22.Nd5 Bxd5 23.exd5 Rde8 24.Rfe2 Rxe2 25.Rxe2 Kg7 26.Qg4 Bf6 27.c3 Rb8 28.
g3 Qc5 29.Qf3 Be5 30.Kg2 a5 31.Rc2 Rb7 32.Kh1 Re7 33.Kg2 Qb6 34.Re2 Rc7 
35.Qf2 Qb7 36.Be4 Rc4 37.Bf3 b4 38.cxb4 axb4 39.Rc2 Rd4 40.Rd2 Rxd2 41.
Qxd2 bxa3 42.bxa3 Qb3 43.g4 Bf6 44.Qe2 Qxa3 45.Be4 Qc1 0-1

[Event "23rd EUR-ch"]
[Site "Vrnjacka Banja SRB"]
[Date "2023.03.05"]
[Round "3.116"]
[White "Zverev, Lev"]
[Black "Soffer, Ram"]
[Result "1/2-1/2"]
[WhiteElo "2267"]
[BlackElo "2456"]
[EventDate "2023.03.03"]
[PlyCount "73"]

1.e4 c5 2.Nf3 d6 3.d4 cxd4 4.Nxd4 Nf6 5.f3 e5 6.Nb3 d5 7.Bg5 d4 8.c3 Nc6 
9.cxd4 Bb4+ 10.Bd2 Nxe4 11.Bxb4 Qh4+ 12.g3 Nxg3 13.hxg3 Qxh1 14.Bc5 Bh3 
15.N1d2 O-O-O 16.Qc2 Bxf1 17.O-O-O Qh5 18.Nxf1 Kb8 19.d5 Nd4 20.Nxd4 exd4 
21.Bxd4 Rxd5 22.Ne3 Rdd8 23.Qa4 b6 24.g4 Qg5 25.Kb1 Qf4 26.Nf5 Qxf3 27.Re1
Qd3+ 28.Ka1 Rhe8 29.Rd1 Qf3 30.Nxg7 Re4 31.Nf5 Rxg4 32.Be5+ Kb7 33.Rd7+ 
Rxd7 34.Qxd7+ Ka6 35.Qc8+ Qb7 36.Qc1 Qe4 37.Qc8+ 1/2-1/2

[Event "23rd EUR-ch"]
[Site "Vrnjacka Banja SRB"]
[Date "2023.03.05"]
[Round "3.117"]
[White "Grieve, Harry"]
[Black "Garsky, Vladyslav"]
[Result "1/2-1/2"]
[WhiteElo "2455"]
[BlackElo "2253"]
[EventDate "2023.03.03"]
[PlyCount "117"]

1.e4 e5 2.Nf3 Nf6 3.d4 Nxe4 4.Bd3 Nc6 5.O-O d5 6.dxe5 Bg4 7.Nc3 Nxc3 8.
bxc3 Qd7 9.Bf4 Bc5 10.h3 Bh5 11.Rb1 O-O-O 12.Rb5 Bb6 13.Re1 Rhe8 14.Bg3 f6
15.Be2 Bxf3 16.Bxf3 Nxe5 17.Be2 Kb8 18.Bf1 c6 19.Rb3 Ka8 20.Qb1 Bc5 21.Rd1
Qf7 22.a4 f5 23.Bxe5 Rxe5 24.c4 d4 25.c3 Re4 26.Bd3 Re7 27.Bf1 Red7 28.
cxd4 Rxd4 29.Rbd3 g6 30.Be2 Qe6 31.Rxd4 Rxd4 32.Rxd4 Bxd4 33.Qd3 Qe4 34.
Kf1 Kb8 35.Qg3+ f4 36.Qb3 Kc7 37.Bd1 Bc5 38.Qc3 Kb6 39.Qb3+ Ka6 40.Qc3 Qd4
41.Qxd4 Bxd4 42.Ke2 Ka5 43.f3 Kb4 44.Kd3 Bf6 45.Bc2 a5 46.Bd1 Be7 47.Bc2 
Bd8 48.Bd1 b5 49.cxb5 cxb5 50.axb5 a4 51.Be2 a3 52.Kc2 Bf6 53.b6 a2 54.b7 
Be5 55.b8=Q+ Bxb8 56.Kb2 a1=Q+ 57.Kxa1 Kc3 58.h4 Be5 59.Kb1 1/2-1/2

[Event "23rd EUR-ch"]
[Site "Vrnjacka Banja SRB"]
[Date "2023.03.05"]
[Round "3.118"]
[White "Royal, Shreyas"]
[Black "Todorovic, Bojan"]
[Result "0-1"]
[WhiteElo "2452"]
[BlackElo "2249"]
[EventDate "2023.03.03"]
[PlyCount "68"]

1.d4 Nf6 2.c4 g6 3.Nc3 Bg7 4.e4 d6 5.h3 O-O 6.Be3 c5 7.Nf3 cxd4 8.Nxd4 Nc6
9.Be2 Bd7 10.O-O Nxd4 11.Bxd4 Bc6 12.Qc2 Qa5 13.a3 Rfc8 14.b4 Qd8 15.Rad1 
Qc7 16.b5 Bd7 17.Qb2 Be6 18.Nd5 Bxd5 19.exd5 Qd8 20.Rfe1 Qf8 21.Bf1 Nd7 
22.Re3 Nc5 23.Rde1 Rc7 24.h4 Bxd4 25.Qxd4 Qg7 26.Qg4 Qf6 27.Qg3 b6 28.h5 
a6 29.bxa6 Rxa6 30.Rf3 Qg7 31.Qg5 h6 32.Qd2 g5 33.g3 Rca7 34.Ree3 f5 0-1

[Event "23rd EUR-ch"]
[Site "Vrnjacka Banja SRB"]
[Date "2023.03.05"]
[Round "3.119"]
[White "Braun, Christian"]
[Black "Miletic, Vuk"]
[Result "1/2-1/2"]
[WhiteElo "2449"]
[BlackElo "2231"]
[EventDate "2023.03.03"]
[PlyCount "93"]

1.Nf3 c5 2.e4 Nc6 3.Bc4 e6 4.O-O d6 5.c3 Nf6 6.d4 cxd4 7.cxd4 d5 8.exd5 
Nxd5 9.Ne5 Be7 10.Nd2 O-O 11.Ndf3 Bd7 12.Qe2 Be8 13.Rd1 Rc8 14.Bd3 a6 15.
a3 Na5 16.Qe4 Nf6 17.Qh4 Bb5 18.Bb1 Rxc1 19.Rxc1 Nb3 20.Ng4 g6 21.Ba2 Nxg4
22.Qxg4 Nxa1 23.Rxa1 Be2 24.Qe4 Bxf3 25.gxf3 Bd6 26.h4 Qf6 27.Rc1 Bf4 28.
Rc4 Qxh4 29.Kf1 Qh1+ 30.Ke2 Qh2 31.Rc2 b6 32.d5 exd5 33.Bxd5 Bd6 34.b4 a5 
35.Rc6 axb4 36.axb4 Rb8 37.f4 Qxf4 38.Qxf4 Bxf4 39.Rf6 Be5 40.Rxf7 Kh8 41.
f4 Bd6 42.b5 Rf8 43.Rxf8+ Bxf8 44.Kf3 Kg7 45.Kg4 Kf6 46.Be4 Bb4 47.Bd5 
1/2-1/2

[Event "23rd EUR-ch"]
[Site "Vrnjacka Banja SRB"]
[Date "2023.03.05"]
[Round "3.120"]
[White "Taspinar, Yanki"]
[Black "Godena, Michele"]
[Result "1-0"]
[WhiteElo "2262"]
[BlackElo "2446"]
[EventDate "2023.03.03"]
[PlyCount "55"]

1.e4 e5 2.Nc3 Nc6 3.Bc4 Nf6 4.d3 Na5 5.Nge2 c6 6.O-O Bc5 7.a4 Nxc4 8.dxc4 
d6 9.b3 Be6 10.Ng3 d5 11.exd5 cxd5 12.Bg5 d4 13.Nh5 Kf8 14.Ne4 Be7 15.
Nexf6 Bxf6 16.Bxf6 gxf6 17.Qf3 Kg8 18.Nxf6+ Kg7 19.Ne4 Qh4 20.Ng3 Rab8 21.
Rfe1 Qg5 22.c3 dxc3 23.Qxc3 f6 24.Qf3 b6 25.h3 Rhe8 26.Rad1 h5 27.Nxh5+ 
Kf7 28.Ng3 1-0

[Event "23rd EUR-ch"]
[Site "Vrnjacka Banja SRB"]
[Date "2023.03.05"]
[Round "3.121"]
[White "Stoyanov, Tsvetan"]
[Black "Rabrenovic, Vladan"]
[Result "1-0"]
[WhiteElo "2446"]
[BlackElo "2223"]
[EventDate "2023.03.03"]
[PlyCount "75"]

1.e4 e5 2.Nf3 Nf6 3.Nc3 Bb4 4.Nxe5 O-O 5.Nd3 Bxc3 6.dxc3 Nxe4 7.Be2 d6 8.
O-O b6 9.f3 Nf6 10.Bg5 h6 11.Bh4 Nbd7 12.f4 Bb7 13.Bg4 Qb8 14.Bh3 a5 15.
Nf2 Bc6 16.g4 Qb7 17.Qd4 Rae8 18.Rae1 Rxe1 19.Rxe1 Re8 20.Rxe8+ Nxe8 21.
Qe3 Nef6 22.g5 Nd5 23.Qg3 hxg5 24.Bxg5 Qa8 25.Bxd7 Bxd7 26.c4 Nb4 27.Bf6 
Qf8 28.Qg5 Kh7 29.Ne4 gxf6 30.Nxf6+ Kh8 31.Qh4+ Kg7 32.Nxd7 Qg8 33.Nf6 Qf8
34.f5 Nc6 35.Qg5+ Kh8 36.Qh5+ Kg7 37.Nd7 Qh8 38.Qg5+ 1-0

[Event "23rd EUR-ch"]
[Site "Vrnjacka Banja SRB"]
[Date "2023.03.05"]
[Round "3.122"]
[White "Petrovic, Aleksa"]
[Black "Wachinger, Nikolas"]
[Result "1-0"]
[WhiteElo "2254"]
[BlackElo "2440"]
[EventDate "2023.03.03"]
[PlyCount "59"]

1.Nf3 d5 2.b3 Bf5 3.g3 e6 4.Bg2 Nf6 5.O-O Bd6 6.Bb2 Nbd7 7.d3 e5 8.Nh4 Be6
9.e4 c6 10.Qe1 dxe4 11.dxe4 Qc7 12.Nf5 Bxf5 13.exf5 O-O-O 14.Nd2 Rhe8 15.
Nc4 Bc5 16.b4 Bd4 17.c3 Nb6 18.Na5 Na4 19.cxd4 Nxb2 20.Qc3 Na4 21.Qb3 Nb6 
22.b5 e4 23.bxc6 bxc6 24.Nxc6 Qxc6 25.Rac1 Qxc1 26.Rxc1+ Kb7 27.a4 Ka8 28.
a5 Nbd5 29.Qb5 Rd6 30.Rb1 1-0

[Event "23rd EUR-ch"]
[Site "Vrnjacka Banja SRB"]
[Date "2023.03.05"]
[Round "3.123"]
[White "Wadsworth, Matthew"]
[Black "Sgircea, Silvia-Raluca"]
[Result "1-0"]
[WhiteElo "2439"]
[BlackElo "2214"]
[EventDate "2023.03.03"]
[PlyCount "71"]

1.c4 c5 2.Nf3 Nc6 3.d4 cxd4 4.Nxd4 g6 5.e4 Bg7 6.Be3 Nf6 7.Nc3 d6 8.Be2 
O-O 9.f3 Nh5 10.g3 Nxd4 11.Bxd4 Be6 12.Bxg7 Kxg7 13.Qd4+ Nf6 14.b3 a6 15.
O-O Qa5 16.f4 Rfd8 17.f5 Bd7 18.fxg6 fxg6 19.Nd5 Qc5 20.Qxc5 dxc5 21.Bf3 
e5 22.Rad1 Bh3 23.Bg2 Bxg2 24.Kxg2 Nxe4 25.Rde1 Nd6 26.Nc7 e4 27.Ne6+ Kg8 
28.Nxd8 Rxd8 29.Rd1 Nf7 30.Rxd8+ Nxd8 31.Rd1 Ne6 32.Kf2 Kf7 33.Rd7+ Kf6 
34.Ke3 Ke5 35.Rxh7 b5 36.Re7 1-0

[Event "23rd EUR-ch"]
[Site "Vrnjacka Banja SRB"]
[Date "2023.03.05"]
[Round "3.124"]
[White "Gallana, Marco"]
[Black "Bulmaga, Irina"]
[Result "1-0"]
[WhiteElo "2250"]
[BlackElo "2438"]
[EventDate "2023.03.03"]
[PlyCount "89"]

1.c4 e6 2.g3 Nf6 3.Bg2 d5 4.Nf3 d4 5.O-O c5 6.e3 Nc6 7.exd4 cxd4 8.d3 Bd6 
9.Bg5 h6 10.Bxf6 Qxf6 11.Nbd2 Qd8 12.Rc1 O-O 13.c5 Bc7 14.Nc4 e5 15.Re1 
Qf6 16.Nfd2 Qg6 17.Bxc6 bxc6 18.Nxe5 Bxe5 19.Rxe5 Qxd3 20.Nc4 Qxd1+ 21.
Rxd1 Be6 22.Na5 Bd5 23.Rxd4 Rad8 24.f4 Rd7 25.b4 Rb8 26.a3 Kf8 27.Kf2 Rdd8
28.Ke1 a6 29.Kd2 f6 30.Re3 g5 31.Kc3 gxf4 32.Rxf4 Kf7 33.Rd4 Re8 34.Rdd3 
h5 35.a4 Rg8 36.Rd4 Rg5 37.Nc4 Kg6 38.Nb6 Bg2 39.Rd2 Bh1 40.Re1 Bf3 41.Rf1
Rf5 42.Rd3 Bg2 43.Rxf5 Kxf5 44.Rd2 Bh3 45.Rd6 1-0

[Event "23rd EUR-ch"]
[Site "Vrnjacka Banja SRB"]
[Date "2023.03.05"]
[Round "3.125"]
[White "Zadravec, Matija"]
[Black "Stalmach, Richard"]
[Result "0-1"]
[WhiteElo "2248"]
[BlackElo "2436"]
[EventDate "2023.03.03"]
[PlyCount "61"]

1.e4 c5 2.Nc3 Nc6 3.Bb5 Nd4 4.Nf3 e6 5.O-O a6 6.Bd3 Nc6 7.Nd5 Bd6 8.Ne3 
Nf6 9.b4 cxb4 10.Bb2 Qc7 11.Nc4 Be7 12.e5 Nd5 13.Be4 b5 14.Nd6+ Bxd6 15.
exd6 Qxd6 16.Bxg7 Rg8 17.Bh6 Bb7 18.Bxh7 Rh8 19.Ng5 O-O-O 20.Bg7 Rxh7 21.
Nxh7 Rg8 22.Bb2 Nf4 23.g3 Nd4 24.f3 Rxg3+ 25.hxg3 Nfe2+ 26.Qxe2 Nxe2+ 27.
Kf2 Qxd2 28.Rad1 Qxc2 29.Be5 Nf4+ 30.Ke3 Ng2+ 31.Kd4 0-1

[Event "23rd EUR-ch"]
[Site "Vrnjacka Banja SRB"]
[Date "2023.03.05"]
[Round "3.126"]
[White "Badelka, Olga"]
[Black "Mitrovic, Marjan"]
[Result "1-0"]
[WhiteElo "2428"]
[BlackElo "2208"]
[EventDate "2023.03.03"]
[PlyCount "45"]

1.d4 Nf6 2.c4 e6 3.Nc3 Bb4 4.Nf3 b6 5.Bg5 h6 6.Bh4 Bb7 7.e3 g5 8.Bg3 Ne4 
9.Qc2 h5 10.Bd3 f5 11.d5 exd5 12.cxd5 Bxd5 13.O-O-O Bxc3 14.Bxe4 Bxe4 15.
Qxc3 Rh6 16.Bxc7 Qf6 17.Ne5 d5 18.f3 Na6 19.fxe4 Rc8 20.Kb1 Rxc7 21.Qd4 
Nc5 22.Qxd5 Qe7 23.Qa8+ 1-0

[Event "23rd EUR-ch"]
[Site "Vrnjacka Banja SRB"]
[Date "2023.03.05"]
[Round "3.128"]
[White "Ravic, Nenad"]
[Black "Baum, Jonasz"]
[Result "0-1"]
[WhiteElo "2238"]
[BlackElo "2426"]
[EventDate "2023.03.03"]
[PlyCount "66"]

1.e4 c5 2.Nf3 d6 3.d4 cxd4 4.Nxd4 Nf6 5.Nc3 a6 6.Bc4 e6 7.Bb3 b5 8.Bg5 Be7
9.Qe2 O-O 10.O-O-O b4 11.Na4 Qa5 12.Nf3 Nbd7 13.Rhe1 Bb7 14.e5 Bxf3 15.
gxf3 Qxe5 16.Be3 Qb5 17.Qxb5 axb5 18.Nb6 Nxb6 19.Bxb6 Nd7 20.Be3 Nc5 21.
Rd4 d5 22.Kb1 Ra6 23.Bd2 Nxb3 24.cxb3 Rfa8 25.Bxb4 Rxa2 26.Re2 Ra1+ 27.Kc2
Bf6 28.Rd1 Rc8+ 29.Bc3 Rxd1 30.Kxd1 Bxc3 31.bxc3 Rxc3 32.Re3 Rxe3 33.fxe3 
Kf8 0-1

[Event "23rd EUR-ch"]
[Site "Vrnjacka Banja SRB"]
[Date "2023.03.05"]
[Round "3.129"]
[White "Akbas, Umut Ata"]
[Black "Starcevic, Ante Leon"]
[Result "1-0"]
[WhiteElo "2419"]
[BlackElo "2202"]
[EventDate "2023.03.03"]
[PlyCount "37"]

1.d4 Nf6 2.c4 g6 3.Nc3 d5 4.cxd5 Nxd5 5.Bd2 Bg7 6.e4 Nxc3 7.Bxc3 O-O 8.Nf3
Bg4 9.Be2 c5 10.d5 e6 11.O-O exd5 12.exd5 Qd6 13.Qb3 b6 14.Bxg7 Kxg7 15.
Nd4 Bxe2 16.Nxe2 Nd7 17.Nc3 Nf6 18.Rad1 a6 19.a4 1-0

[Event "23rd EUR-ch"]
[Site "Vrnjacka Banja SRB"]
[Date "2023.03.05"]
[Round "3.130"]
[White "Krzywda, Andrzej"]
[Black "Milikow, Yoav"]
[Result "1/2-1/2"]
[WhiteElo "2235"]
[BlackElo "2416"]
[EventDate "2023.03.03"]
[PlyCount "52"]

1.e4 e5 2.Nf3 Nc6 3.Nc3 Nf6 4.Bb5 Nd4 5.O-O c6 6.Bd3 Nxf3+ 7.Qxf3 Bc5 8.
Bc4 b5 9.Bb3 d6 10.d3 a5 11.a4 b4 12.Nb1 Be6 13.Nd2 O-O 14.Nc4 Nd7 15.Be3 
Qc7 16.Rfe1 Kh8 17.Nd2 Rae8 18.Kh1 Kg8 19.Rf1 Bxe3 20.fxe3 Nc5 21.d4 Bxb3 
22.cxb3 Ne6 23.Qf2 exd4 24.exd4 Qa7 25.Nf3 c5 26.Rad1 cxd4 1/2-1/2

[Event "23rd EUR-ch"]
[Site "Vrnjacka Banja SRB"]
[Date "2023.03.05"]
[Round "3.131"]
[White "Nadj Hedjesi, Balind"]
[Black "Neverov, Valeriy"]
[Result "1/2-1/2"]
[WhiteElo "2223"]
[BlackElo "2414"]
[EventDate "2023.03.03"]
[PlyCount "68"]

1.e4 c5 2.a3 Nc6 3.b4 e5 4.b5 Nd4 5.c3 Ne6 6.Nf3 Nf6 7.d3 d6 8.Nbd2 g6 9.
g3 Bg7 10.Bg2 O-O 11.a4 a6 12.Rb1 axb5 13.axb5 d5 14.O-O c4 15.Nxe5 cxd3 
16.Nxd3 dxe4 17.Nxe4 Nxe4 18.Bxe4 Bxc3 19.Be3 Ng5 20.Bxg5 Qxg5 21.Nf4 Bg7 
22.Qd5 Qf6 23.Qb3 Qd4 24.Rfe1 Kh8 25.b6 Ra6 26.Bd3 Ra5 27.Re7 Qf6 28.Rbe1 
Ra1 29.Rxa1 Qxa1+ 30.Kg2 Qf6 31.Qb4 Rd8 32.Nd5 Qd4 33.Qxd4 Bxd4 34.Be4 Be6
1/2-1/2

[Event "23rd EUR-ch"]
[Site "Vrnjacka Banja SRB"]
[Date "2023.03.05"]
[Round "3.132"]
[White "Baenziger, Fabian"]
[Black "Tudor, Henry Edward"]
[Result "1-0"]
[WhiteElo "2413"]
[BlackElo "2201"]
[EventDate "2023.03.03"]
[PlyCount "85"]

1.d4 Nf6 2.c4 e6 3.Nf3 Bb4+ 4.Bd2 a5 5.a3 Bxd2+ 6.Qxd2 b6 7.Nc3 Bb7 8.Qf4 
d5 9.Nb5 Na6 10.e3 O-O 11.Be2 dxc4 12.Bxc4 Qe7 13.O-O Rfd8 14.Rfd1 c5 15.
Rac1 cxd4 16.Nbxd4 Rdc8 17.Ne5 Rc5 18.Nb3 Rc7 19.Bxa6 Rxc1 20.Rxc1 Bxa6 
21.Nc6 Qd7 22.Nb8 Qd5 23.Qc7 Kh8 24.Qxb6 Bb7 25.Nc6 Bxc6 26.Qxc6 Qd8 27.h3
h6 28.Nd4 Rb8 29.Qa6 Kh7 30.Qd3+ Kh8 31.Qc2 Qb6 32.b4 axb4 33.axb4 Nd5 34.
b5 Qb7 35.Qc5 Ra8 36.Qd6 Kg8 37.Rc6 Ra2 38.Nxe6 Ra1+ 39.Kh2 Ne7 40.Qd8+ 
Kh7 41.Nf8+ Kh8 42.Ng6+ Kh7 43.Qh8# 1-0

[Event "23rd EUR-ch"]
[Site "Vrnjacka Banja SRB"]
[Date "2023.03.05"]
[Round "3.133"]
[White "Shatil, Shir"]
[Black "Gaehwiler, Gabriel"]
[Result "1/2-1/2"]
[WhiteElo "2222"]
[BlackElo "2413"]
[EventDate "2023.03.03"]
[PlyCount "60"]

1.d4 Nf6 2.c4 e6 3.Nc3 Bb4 4.e3 O-O 5.Bd3 d5 6.Nf3 c5 7.O-O cxd4 8.exd4 
dxc4 9.Bxc4 a6 10.Bg5 b5 11.Bb3 Bxc3 12.bxc3 Bb7 13.Ne5 Nbd7 14.Nxd7 Qxd7 
15.Bxf6 gxf6 16.d5 Bxd5 17.Qg4+ Kh8 18.Qf4 Rg8 19.Qxf6+ Rg7 20.Rfd1 Qd8 
21.Qxd8+ Rxd8 22.Bxd5 exd5 23.a4 Rg6 24.axb5 axb5 25.Rab1 Rc6 26.Rxb5 Rxc3
27.g3 d4 28.Rb4 d3 29.Rb2 Kg7 30.Kg2 Kf6 1/2-1/2

[Event "23rd EUR-ch"]
[Site "Vrnjacka Banja SRB"]
[Date "2023.03.05"]
[Round "3.134"]
[White "Iliaguev, Nisim"]
[Black "Ozdemir, Serhan Berat"]
[Result "0-1"]
[WhiteElo "2412"]
[BlackElo "2200"]
[EventDate "2023.03.03"]
[PlyCount "62"]

1.d4 Nf6 2.g3 c5 3.Nf3 cxd4 4.Nxd4 e5 5.Nb3 d5 6.Bg2 a5 7.a4 Bb4+ 8.c3 Be7
9.O-O h6 10.Na3 Nc6 11.Nb5 O-O 12.Be3 Bf5 13.Qd2 b6 14.Rfd1 Rc8 15.f4 e4 
16.h3 h5 17.Kh2 Rb8 18.N3d4 Bd7 19.Nxc6 Bxc6 20.Bd4 Re8 21.e3 Qd7 22.Qe2 
Bxb5 23.axb5 Qf5 24.Rd2 Nd7 25.g4 hxg4 26.hxg4 Qh7+ 27.Kg1 Qh4 28.Rad1 
Rbc8 29.g5 Nc5 30.Bxc5 Bxc5 31.Qf2 Qg4 0-1

[Event "23rd EUR-ch"]
[Site "Vrnjacka Banja SRB"]
[Date "2023.03.05"]
[Round "3.135"]
[White "Ahmad, Khagan"]
[Black "Ben Ari, Yannay"]
[Result "1-0"]
[WhiteElo "2220"]
[BlackElo "2411"]
[EventDate "2023.03.03"]
[PlyCount "92"]

1.e4 c5 2.Nf3 d6 3.d4 cxd4 4.Nxd4 Nf6 5.Nc3 a6 6.Be3 e5 7.Nb3 Be6 8.f3 
Nbd7 9.Qd2 Be7 10.O-O-O O-O 11.g4 b5 12.g5 Nh5 13.Kb1 Nb6 14.Na5 Rc8 15.
Nd5 Nxd5 16.exd5 Bxd5 17.Qxd5 Qxa5 18.c4 Qd8 19.Rg1 Nf4 20.Bxf4 exf4 21.
cxb5 axb5 22.Bxb5 Qb6 23.Bd3 g6 24.Qe4 Rb8 25.b3 Rfe8 26.Bc4 Bf8 27.Qxf4 
Qa7 28.Rg2 Re5 29.h4 Rbe8 30.Rgd2 Rf5 31.Qd4 Qc7 32.Bd5 Rfe5 33.Qc4 Qa7 
34.a4 Bg7 35.Rc2 R5e7 36.Ka2 Qa5 37.h5 gxh5 38.f4 Re1 39.Bxf7+ Kh8 40.Bxh5
Rf8 41.Be2 d5 42.Qd3 Rxf4 43.Rc8+ Rf8 44.Rcc1 Rxd1 45.Bxd1 Rf2+ 46.Rc2 Rf4
1-0